000 01202nam a22002417a 4500
005 20150812113457.0
010 _aENG-113573
020 _a9788125045137
_c495.00
035 _aEN- 97105
037 _bDBAD/PUB
082 _a305.5530954
100 _aRadhakrishnan, Smitha
245 _aAppropriately Indian :
_cby Smitha Radhakrishnan
_bgender and culture in a new transnational class /
260 _aNew Delhi
_bOrient Blackswan
_c2012
270 _a1/24, Asaf Ali Road
_bNew Delhi
_e110002
300 _axi,239p. :
_c23cm(pbk)
_bill.
500 _aIncludes bibliographical references and index
505 _a Privilege : situating India’s transnational class -- Global/Indian : cultural politics in the IT workplace -- Merit : ideologies of achievement in the knowledge economy -- Individuals : narratives of embedded selves -- Family : gendered "balance" and the everyday production of the nation -- Religion : when the private is transnational.
650 _a Information technology
_xEconomic aspects
_zIndia.
650 _aInformation technology
_xSocial aspects
_zIndia.
650 _a Globalization
_xSocial aspects
_z India.
942 _2ddc
_cEN
_mRAD
_h305.5530954
999 _c95131
_d95131